Trouvez l'acteur ou l'actrice...14 - Statistiques

Statistiques générales
  • Ce quiz a été pris 83 fois
  • Le résultat moyen est 5 sur 15
Statistiques - réponses
Films / Séries Acteurs / Actrices % Correct
La fureur de vivre - A l'est d'Eden - Géant James Dean
74%
Les trois frères - Sept ans de mariage - Madame Irma Didier Bourdon
73%
Gatsby le Magnifique - Spy game, jeu d'espions - Les hommes du président Robert Redford
53%
Le diable s'habille en Prada - Jane - Meilleures ennemies Anne Hathaway
39%
Subway - Un air de famille - Le goût des autres Jean-Pierre Bacri
38%
Vingt mille lieues sous les mers - La vie passionnée de Vincent Van Gogh - Spartacus Kirk Douglas
36%
Un poisson nommé Wanda - Freaky Friday: dans la peau de ma mère - NCIS: enquêtes spéciales Jamie Lee Curtis
34%
Le coeur des hommes - Toute la beauté du monde - A toute épreuve Marc Lavoine
34%
Tout ce qui brille - Avant l'hiver - Nous trois ou rien Leïla Bekhti
32%
La vie d'Adèle - Les enfants de Timpelbach - Orpheline Adèle Exarchopoulos
30%
Quatre mariages et un enterrement - Greystoke, la légende de Tarzan - Footloose Andie MacDowell
27%
La maison du Docteur Edwardes - Vacances romaines - Les canons de Navarone Gregory Peck
16%
Le fabuleux destin d'Amélie Poulain - Mammuth - Rebelles Yolande Moreau
12%
L'ombre d'Emily - Twilight, chapitre I: fascination - Scott Pilgrim Anna Kendrick
8%
Peaky Blinders - Inception - La chute du faucon noir Tom Hardy
8%
Aucun quiz correspondant
Distribution des résultats
% des personnes avec chaque résultat
Percentile par nombre de réponses
Votre historique - résultats
Vous n’avez pas pris ce quiz